Loading...
| Fine Arts - Classical Music | 0 | 6 | 3 | 0 | 45 | 33 | 82.67 | 0 | 3 | 0.00 | 0.00 |
| Science - Physics | 0 | 5 | 2 | 0 | 40 | 28 | 46.00 | 2 | 3 | 0.00 | 0.00 |
| History - World | 0 | 4 | 0 | 1 | 40 | 17 | 64.00 | 0 | 2 | 0.00 | 0.00 |
| Social Science | 0 | 4 | 0 | 2 | 40 | 61 | 83.00 | 0 | 0 | 0.00 | 0.00 |
| Science - Other | 0 | 4 | 2 | 0 | 30 | 28 | 50.25 | 2 | 2 | 0.00 | 0.00 |
| Literature - World | 0 | 3 | 0 | 2 | 30 | 92 | 109.33 | 0 | 1 | 0.00 | 0.00 |
| Science - Chemistry | 0 | 3 | 0 | 0 | 30 | 67 | 78.67 | 0 | 1 | 0.00 | 0.00 |
| Science - Biology | 0 | 3 | 1 | 0 | 25 | 65 | 73.67 | 0 | 0 | 0.00 | 0.00 |
| History - European | 0 | 3 | 1 | 1 | 25 | 12 | 51.33 | 1 | 2 | 0.00 | 0.00 |
| History - Other | 0 | 3 | 2 | 0 | 20 | 45 | 68.33 | 0 | 1 | 0.00 | 0.00 |
| Literature - British | 0 | 1 | 0 | 0 | 10 | 73 | 73.00 | 0 | 0 | 0.00 | 0.00 |
| Popular Culture | 0 | 1 | 0 | 0 | 10 | 71 | 71.00 | 0 | 0 | 0.00 | 0.00 |
| Philosophy | 0 | 1 | 1 | 1 | 5 | 106 | 106.00 | 0 | 0 | 0.00 | 0.00 |
| Literature - American | 0 | 0 | 0 | 0 | 0 | 0.00 | 0 | 0 | 0.00 | 0.00 | |
| Mythology | 0 | 0 | 1 | 0 | -5 | 0.00 | 0 | 0 | 0.00 | 0.00 | |
| Geography | 0 | 0 | 1 | 0 | -5 | 0.00 | 0 | 0 | 0.00 | 0.00 | |
| Current Events | 0 | 0 | 1 | 0 | -5 | 0.00 | 0 | 0 | 0.00 | 0.00 | |
| Religion | 0 | 1 | 4 | 0 | -10 | 63 | 63.00 | 0 | 0 | 0.00 | 0.00 |